<?xml version="1.0" encoding="UTF-8"?>
<collection xmlns="http://www.loc.gov/MARC21/slim">
    <record>
        <controlfield tag="001">74910</controlfield>
        <controlfield tag="005">20190930125521.0</controlfield>
        <datafield tag="024" ind1="8" ind2=" ">
            <subfield code="2">sideral</subfield>
            <subfield code="a">106974</subfield>
        </datafield>
        <datafield tag="037" ind1=" " ind2=" ">
            <subfield code="a">ART-2014-106974</subfield>
        </datafield>
        <datafield tag="041" ind1=" " ind2=" ">
            <subfield code="a">spa</subfield>
        </datafield>
        <datafield tag="100" ind1=" " ind2=" ">
            <subfield code="0">(orcid)0000-0003-4741-7412</subfield>
            <subfield code="a">Garrido López, Carlos</subfield>
            <subfield code="u">Universidad de Zaragoza</subfield>
        </datafield>
        <datafield tag="245" ind1=" " ind2=" ">
            <subfield code="a">Razones para plantear la supresión del Senado</subfield>
        </datafield>
        <datafield tag="260" ind1=" " ind2=" ">
            <subfield code="c">2014</subfield>
        </datafield>
        <datafield tag="506" ind1="0" ind2=" ">
            <subfield code="a">Access copy available to the general public</subfield>
            <subfield code="f">Unrestricted</subfield>
        </datafield>
        <datafield tag="520" ind1="3" ind2=" ">
            <subfield code="a">En los Estados federales los poderes de las segundas Cámaras están siendo merma-dos y en algunos se debate sobre su supresión. En los Estados sin estructura federal el Senado también está cuestionado: varios lo han eliminado y su funcionalidad es discutida. En España, en cambio, seguimos empeñados en otorgar más poder político al Senado, convirtiéndolo en una “verdadera” Cámara de representación territorial. Pero es un empeño abocado al fracaso. Y no sólo porque la indeterminación del mo-delo territorial, las tendencias separatistas y las dudas sobre su evolución o supera-ción lastran cualquier acuerdo o por las dificultades técnicas a las que dicha reforma deberá enfrentarse –como la asignación de nuevas funciones y la distribución de los senadores por CCAA y su forma de elección–, sino porque la representación territorial constituye una quimera en una democracia de partidos. En los Estados federales de referencia el Senado no funciona como cámara territorial y reproduce la misma diná-mica partidista de la primera Cámara. En la práctica, el Senado reformado duplicaría - y podría entorpecer – la representación política del Congreso. Y las funciones de integración territorial que pudieran asignársele, como la participación de las CCAA en la decisión legislativa estatal y la cooperación entre el Estado y las CCAA, pueden realizarse mediante las relaciones intergubernamentales con mayor flexibilidad y eficacia y canalizarse a través del sistema de partidos. Impulsar una reforma consti-tucional del Senado no vale la pena. Es tiempo de plantearse la supresión del Senado.</subfield>
        </datafield>
        <datafield tag="540" ind1=" " ind2=" ">
            <subfield code="9">info:eu-repo/semantics/openAccess</subfield>
            <subfield code="a">by-nc-nd</subfield>
            <subfield code="u">http://creativecommons.org/licenses/by-nc-nd/3.0/es/</subfield>
        </datafield>
        <datafield tag="655" ind1=" " ind2="4">
            <subfield code="a">info:eu-repo/semantics/article</subfield>
            <subfield code="v">info:eu-repo/semantics/publishedVersion</subfield>
        </datafield>
        <datafield tag="700" ind1=" " ind2=" ">
            <subfield code="0">(orcid)0000-0002-5502-3870</subfield>
            <subfield code="a">Sáenz Royo, Eva</subfield>
            <subfield code="u">Universidad de Zaragoza</subfield>
        </datafield>
        <datafield tag="710" ind1="2" ind2=" ">
            <subfield code="1">4005</subfield>
            <subfield code="2">135</subfield>
            <subfield code="a">Universidad de Zaragoza</subfield>
            <subfield code="b">Dpto. Derecho Público</subfield>
            <subfield code="c">Área Derecho Constitucional</subfield>
        </datafield>
        <datafield tag="773" ind1=" " ind2=" ">
            <subfield code="g">7 (2014), 57-69</subfield>
            <subfield code="p">Cuad. Manuel Giménez Abad</subfield>
            <subfield code="t">Cuadernos Manuel Giménez Abad</subfield>
            <subfield code="x">2254-4445</subfield>
        </datafield>
        <datafield tag="856" ind1="4" ind2="1">
            <subfield code="u">http://www.fundacionmgimenezabad.es/sites/default/files/cuadernos_7_junio2014.pdf</subfield>
            <subfield code="z">Texto completo de la revista</subfield>
        </datafield>
        <datafield tag="856" ind1="4" ind2=" ">
            <subfield code="s">3431883</subfield>
            <subfield code="u">http://zaguan.unizar.es/record/74910/files/texto_completo.pdf</subfield>
            <subfield code="y">Versión publicada</subfield>
        </datafield>
        <datafield tag="856" ind1="4" ind2=" ">
            <subfield code="s">42250</subfield>
            <subfield code="u">http://zaguan.unizar.es/record/74910/files/texto_completo.jpg?subformat=icon</subfield>
            <subfield code="x">icon</subfield>
            <subfield code="y">Versión publicada</subfield>
        </datafield>
        <datafield tag="909" ind1="C" ind2="O">
            <subfield code="o">oai:zaguan.unizar.es:74910</subfield>
            <subfield code="p">articulos</subfield>
            <subfield code="p">driver</subfield>
        </datafield>
        <datafield tag="951" ind1=" " ind2=" ">
            <subfield code="a">2019-09-30-12:52:35</subfield>
        </datafield>
        <datafield tag="980" ind1=" " ind2=" ">
            <subfield code="a">ARTICLE</subfield>
        </datafield>
    </record>

    
</collection>